| 000 | 00795nam a22002177a 4500 | ||
|---|---|---|---|
| 005 | 20100823151359.0 | ||
| 010 | _aENG-101301 | ||
| 020 |
_a8181770382 _c150.00 |
||
| 035 | _aEN-84834 | ||
| 037 | _bDBAD/PUB | ||
| 082 | _a580 | ||
| 245 |
_aPlant discoveries 2009 : _bnew genera, species and new records / _ccompiled and edited by M. Sanjappa [and] Paramjit Singh |
||
| 260 |
_bBotanical Survey of India _aKolkata _c2010 |
||
| 270 |
_aCGO Complex, Salt Lake City _bKolkata _e700064 |
||
| 300 |
_a143p. _c28cm (pbk) |
||
| 650 |
_aBotany _xPlants _916689 |
||
| 700 |
_aSanjappa, M. _916363 |
||
| 700 |
_aSingh, Paramjit _916364 |
||
| 942 |
_2ddc _cEN _h580 _mPLA |
||
| 999 |
_c43025 _d43025 |
||